|
|
|
|
| LEADER |
00000naa2a2200000 4500 |
| 001 |
293920 |
| 005 |
20231102000635.0 |
| 035 |
|
|
|a (RuTPU)RU\TPU\book\318970
|
| 035 |
|
|
|a RU\TPU\tpu\2540
|
| 090 |
|
|
|a 293920
|
| 100 |
|
|
|a 20150507d1935 k y0rusy50 ca
|
| 101 |
0 |
|
|a rus
|
| 102 |
|
|
|a RU
|
| 200 |
1 |
|
|a Инженерно-геологическая характеристика площадок социалистического города Кемерово
|f Ф. П. Нифантов
|
| 461 |
|
1 |
|0 (RuTPU)RU\TPU\book\76441
|t Вестник Западно-Сибирского геолого-гидро-геодезического треста
|f Западно-Сибирский геолого-гидро-геодезический трест (ЗС ГГГТ)
|d 1934-1935
|
| 463 |
|
1 |
|0 (RuTPU)RU\TPU\book\84828
|t Вып. 2
|f гл. ред. В. А. Ветров ; под ред. А. А. Васильева [и др.]
|v С. 31-35
|d 1935
|p 71 с.
|
| 610 |
1 |
|
|a геолого-географические науки
|
| 610 |
1 |
|
|a труды учёных ТПУ
|
| 700 |
|
1 |
|a Нифантов
|b Ф. П.
|c гидрогеолог
|c выпускник СГРИ 1932 г.
|c доцент кафедры инженерной геологии и гидрогеологии ТПИ
|f 1908-1980
|g Федор Перфильевич
|2 stltpush
|3 (RuTPU)RU\TPU\pers\27013
|9 12598
|
| 801 |
|
0 |
|a RU
|b 63413507
|c 20011210
|g PSBO
|
| 801 |
|
2 |
|a RU
|b 63413507
|c 20150507
|g PSBO
|
| 942 |
|
|
|c BK
|